MARC

LEADER 00000nam0a2200000 4500
001 291234
005 20251220071622.0
035 |a (RuTPU)RU\TPU\book\315799 
090 |a 291234 
100 |a 20150413d1983 k y0rusy5003 ca 
101 0 |a rus 
102 |a RU 
105 |a a z 001zy 
200 1 |a Физика магнитных материалов  |e сборник научных трудов  |f Калининский государственный университет 
210 |a Калинин  |c [Б. и.]  |d 1983 
215 |a 130 с.  |c ил. 
320 |a Библиография в конце статей 
606 1 |a Магнитные материалы  |x Физика  |2 stltpush  |3 (RuTPU)RU\TPU\subj\40824  |9 60654 
610 1 |a сплавы 
610 1 |a электронная структура 
610 1 |a оптические методы 
610 1 |a магнитооптические методы 
610 1 |a сплавы редкоземельных металлов 
610 1 |a термоэлектрические явления 
610 1 |a высокоэрцитивные материалы 
610 1 |a магнитные свойства 
610 1 |a измерение 
610 1 |a магнитотвердые материалы 
610 1 |a намагничивание 
610 1 |a размагничивание 
610 1 |a железоникелевые сплавы 
610 1 |a механические свойства 
610 1 |a аномалии 
610 1 |a физическая природа 
675 |a 537.622  |z rus  |v 4 
712 0 2 |7 ca  |8 rus  |a Калининский государственный университет  |c 1971-1990  |2 stltpush  |3 (RuTPU)RU\TPU\col\6821  |9 24273 
801 0 |a RU  |b RuMRKP  |c 19950704  |g psbo 
801 1 |a RU  |b 63413507  |c 20150413 
801 2 |a RU  |b 63413507  |c 20181119  |g RCR 
942 |c BK